[Event "Beograd"]
[Site "?"]
[Date "1996.??.??"]
[Round "?"]
[White "Karpov, Anatoly"]
[Black "Salov, V."]
[Result "1/2-1/2"]
[WhiteElo "2770"]
[BlackElo "2670"]
[PlyCount "69"]
[EventDate "1996.??.??"]
[Source "ChessBase"]
[SourceDate "1996.02.01"]

1. d4 Nf6 2. c4 c5 3. d5 b5 4. cxb5 a6 5. bxa6 Bxa6 6. Nc3 g6 7. e4 Bxf1 8. Kxf1 d6 9. g3 Bg7 10. Kg2 Nbd7 11. Nf3 O-O 12. Re1 Ng4 13. Bf4 Qa5 14. h3 Nge5 15. Nxe5 Nxe5 16. Qe2 Rfb8 17. Rac1 Qa6 18. Bxe5 Bxe5 19. Rc2 Qxe2 20. Rexe2 Rb4 21. a3 Rb3 22. Nd1 Bd4 23. Ne3 Bxe3 24. Rxe3 Rxe3 25. fxe3 Rb8 26. Kf3 Rb3 27. a4 f6 28. g4 Kf7 29. a5 Rb5 30. a6 Ra5 31. b4 cxb4 32. Rc6 b3 33. Rb6 b2 34. Rxb2 Rxa6 35. Rb8 1/2-1/2

[Event "Belgrade"]
[Site "?"]
[Date "1996.??.??"]
[Round "?"]
[White "Karpov, Anatoly"]
[Black "Salov, Valery B"]
[Result "1/2-1/2"]
[WhiteElo "2770"]
[BlackElo "2670"]
[PlyCount "27"]
[EventDate "1996.??.??"]
[Source "www.chesslib.no"]
[SourceDate "2004.05.04"]

1. d4 Nf6 2. c4 c5 3. d5 b5 4. cxb5 a6 5. bxa6 Bxa6 6. Nc3 g6 7. e4 Bxf1 8. Kxf1 d6 9. g3 Bg7 10. Kg2 Nbd7 11. Nf3 O-O 12. Re1 Ng4 13. Bf4 Qa5 14. h3 1/2-1/2

[Event "JUG-chT"]
[Site "Niksic"]
[Date "1996.??.??"]
[Round "?"]
[White "Karpov, Anatoly"]
[Black "Georgiev, Kiril"]
[Result "1/2-1/2"]
[WhiteElo "2770"]
[BlackElo "2615"]
[PlyCount "112"]
[EventDate "1996.??.??"]
[Source "www.chesslib.no"]
[SourceDate "2004.05.04"]

1. d4 Nf6 2. c4 c5 3. d5 b5 4. cxb5 a6 5. bxa6 Bxa6 6. Nc3 d6 7. e4 Bxf1 8. Kxf1 g6 9. g3 Bg7 10. Kg2 O-O 11. Nf3 Nbd7 12. Re1 Qb6 13. h3 Ne8 14. Qc2 Nc7 15. Rb1 Rfb8 16. Bg5 Kf8 17. b3 Qa5 18. Na4 Nb5 19. Qc1 Nc3 20. Nxc3 Qxc3 21. Re2 Ra6 22. Qd1 Qb4 23. Rc1 Rba8 24. Rcc2 R8a7 25. Qc1 Ne5 26. Nxe5 Bxe5 27. Bh6+ Ke8 28. Bd2 Qb5 29. Bf4 Bd4 30. Qd2 f6 31. Be3 Bxe3 32. Qxe3 Kf7 33. h4 Kg7 34. Qf3 Ra3 35. h5 Qd7 36. Red2 R7a6 37. Qe2 Ra8 38. Rb2 Kh6 39. Rb1 g5 40. b4 cxb4 41. Rxb4 R8a7 42. Rdb2 Qe8 43. g4 Qd7 44. R4b3 R3a4 45. Rc2 R4a5 46. Kg3 Ra4 47. f3 Rc7 48. a3 Rb7 49. Rbc3 Ra8 50. Qc4 Rba7 51. Qd3 Rb7 52. Rc6 Qd8 53. Qc3 Rba7 54. Rc8 Qb6 55. Rxa8 Qg1+ 56. Rg2 Qh1 1/2-1/2

[Event "Linares"]
[Site "?"]
[Date "1995.??.??"]
[Round "?"]
[White "Shirov, A."]
[Black "Topalov, V."]
[Result "1-0"]
[WhiteElo "2710"]
[BlackElo "2630"]
[PlyCount "94"]
[EventDate "1995.??.??"]
[Source "ChessBase"]
[SourceDate "1995.02.01"]

1. d4 Nf6 2. c4 c5 3. d5 b5 4. cxb5 a6 5. bxa6 g6 6. Nc3 Bxa6 7. e4 Bxf1 8. Kxf1 d6 9. g3 Bg7 10. Kg2 Nbd7 11. Nf3 O-O 12. Re1 Qa5 13. h3 Rfb8 14. e5 dxe5 15. Nxe5 Nxe5 16. Rxe5 Rb7 17. Qe2 Qd8 18. a4 Ne8 19. Re3 Bd4 20. Rd3 Nf6 21. Be3 Rb4 22. Rad1 Qb6 23. Qf3 Rd8 24. R1d2 Kg7 25. Re2 Rd7 26. Bf4 Rxb2 27. a5 Qb4 28. Rxb2 Qxb2 29. Na4 Qb5 30. Nb6 Ra7 31. Bd2 Qa6 32. g4 Nd7 33. Rb3 Ne5 34. Qe4 Nc4 35. Nxc4 Qxc4 36. Rf3 f6 37. g5 f5 38. Qe6 Qa6 39. Rb3 Qxe6 40. dxe6 c4 41. Rb4 Rc7 42. a6 Rc6 43. a7 Bxa7 44. Bc3+ Kf8 45. Rb7 Ra6 46. Rc7 Rxe6 47. Rxa7 Kf7 1-0

[Event "Hoogovens, Wijk aan Zee NED"]
[Site "Wijk"]
[Date "1998.??.??"]
[Round "?"]
[White "Van der Sterren, P."]
[Black "Topalov, V."]
[Result "1/2-1/2"]
[WhiteElo "2555"]
[BlackElo "2740"]
[PlyCount "62"]
[EventDate "1998.??.??"]
[Source "www.chesslib.no"]
[SourceDate "2004.05.04"]

1. d4 Nf6 2. c4 c5 3. d5 b5 4. cxb5 a6 5. bxa6 g6 6. Nc3 Bxa6 7. e4 Bxf1 8. Kxf1 d6 9. g3 Bg7 10. Kg2 Nbd7 11. Nf3 O-O 12. Re1 Qa5 13. e5 Ng4 14. exd6 exd6 15. Bf4 Rfb8 16. Re2 Qa6 17. Rc1 Nge5 18. Nxe5 Nxe5 19. Bxe5 Bxe5 20. b3 Rb4 21. Rd2 c4 22. Ne2 Kg7 23. bxc4 Rxc4 24. Rxc4 Qxc4 25. Qc2 Qb4 26. Ng1 Ra3 27. Nf3 Bf6 28. Rd3 Qe4 29. Rc3 Qxc2 30. Rxc2 Ra5 31. Rd2 Bc3 1/2-1/2

[Event "Groningen"]
[Site "?"]
[Date "1994.??.??"]
[Round "?"]
[White "Yusupov, A."]
[Black "Georgiev, Ki"]
[Result "1/2-1/2"]
[WhiteElo "2655"]
[BlackElo "2615"]
[PlyCount "101"]
[EventDate "1994.??.??"]
[Source "ChessBase"]
[SourceDate "1994.10.01"]

1. d4 Nf6 2. c4 c5 3. d5 b5 4. cxb5 a6 5. bxa6 g6 6. Nc3 Bxa6 7. e4 Bxf1 8. Kxf1 d6 9. g3 Bg7 10. Kg2 Nbd7 11. Nf3 Nb6 12. Re1 O-O 13. Rb1 Ra6 14. b3 Qa8 15. Bb2 Nfd7 16. a4 Rc8 17. Nb5 Bxb2 18. Rxb2 c4 19. Nbd4 cxb3 20. Rxb3 Rxa4 21. Qd2 Nc4 22. Qg5 Re8 23. Nc6 Na5 24. Nxe7+ Kf8 25. Nf5 gxf5 26. Qh6+ Ke7 27. exf5+ Kd8 28. Rxe8+ Kxe8 29. Re3+ Kd8 30. Qxd6 Nc4 31. Qe7+ Kc7 32. Rd3 Qf8 33. f6 Qxe7 34. fxe7 Nf6 35. Rd4 Nb6 36. d6+ Kd7 37. Ne5+ Ke8 38. Rd3 Nfd7 39. Nxd7 Nxd7 40. Rc3 Ra8 41. Rc7 f5 42. Kh3 Nf6 43. f3 Rb8 44. Rc5 Nd7 45. Rxf5 Rb6 46. Rh5 Nf6 47. Rh6 Rxd6 48. g4 Ne4 49. Rh5 Rd3 50. Kg2 Rd2+ 51. Kh3 1/2-1/2

[Event "Corr"]
[Site "?"]
[Date "1999.06.30"]
[Round "?"]
[White "Bang Erik (DEN)"]
[Black "Pfretzschner Roland (GER)"]
[Result "0-1"]
[WhiteElo "2663"]
[BlackElo "2503"]
[PlyCount "72"]
[EventDate "1999.??.??"]
[Source "www.chesslib.no"]
[SourceDate "2004.05.04"]

1. d4 Nf6 2. c4 c5 3. d5 b5 4. cxb5 a6 5. bxa6 g6 6. Nc3 Bxa6 7. e4 Bxf1 8. Kxf1 d6 9. g3 Bg7 10. Kg2 O-O 11. Nf3 Nbd7 12. Re1 Qb6 13. h3 Qb7 14. Re2 Ra6 15. Bg5 h6 16. Bxf6 Bxf6 17. Rc1 Rfa8 18. Rcc2 Kh7 19. Qd3 Qb4 20. a3 Qb7 21. Qd2 Rb6 22. Nh2 Rb3 23. f4 Nb6 24. e5 dxe5 25. fxe5 Bxe5 26. Ne4 Nxd5 27. Ng4 Ra4 28. Qxh6+ Kg8 29. Rcd2 Bg7 30. Qh4 Rd4 31. Nxc5 Nf4+ 32. Kh2 Nxe2 33. Nxb3 Rxd2 34. Nxd2 Bd4 35. Nh6+ Kg7 36. Ne4 Qxb2 0-1

[Event "Corus B, Wijk aan Zee NED"]
[Site "?"]
[Date "2001.??.??"]
[Round "2"]
[White "Gurevich, M."]
[Black "De Vreugt, D."]
[Result "1/2-1/2"]
[WhiteElo "2690"]
[BlackElo "2450"]
[PlyCount "82"]
[EventDate "2001.??.??"]
[Source "www.chesslib.no"]
[SourceDate "2004.05.04"]

1. d4 Nf6 2. c4 c5 3. d5 b5 4. cxb5 a6 5. bxa6 g6 6. Nc3 Bxa6 7. e4 Bxf1 8. Kxf1 d6 9. g3 Bg7 10. Kg2 O-O 11. Nf3 Nbd7 12. Re1 Qc7 13. h3 Rfb8 14. Re2 Rb4 15. a3 Rb6 16. Be3 Qb7 17. Ra2 e6 18. b4 exd5 19. exd5 Rba6 20. bxc5 dxc5 21. Rab2 Rb6 22. Rxb6 Qxb6 23. a4 Qb4 24. Qd3 Nb6 25. d6 c4 26. Qd1 Rd8 27. Bxb6 Qxb6 28. Nb5 Qc6 29. Rc2 Ne4 30. Kh2 c3 31. Qd3 Bf6 32. Kg1 Kg7 33. g4 h6 34. Nfd4 Qa8 35. Re2 Nc5 36. Qxc3 Nxa4 37. Qa1 Rb8 38. Qc1 Qd5 39. Qd2 Rxb5 40. Nxb5 Qxb5 41. d7 Nb6 1/2-1/2

[Event "Corr"]
[Site "?"]
[Date "1998.??.??"]
[Round "?"]
[White "Ducret Rene"]
[Black "Nilsson Joergen"]
[Result "1/2-1/2"]
[WhiteElo "2601"]
[BlackElo "2516"]
[PlyCount "63"]
[EventDate "1998.??.??"]
[Source "www.chesslib.no"]
[SourceDate "2004.05.04"]

1. d4 Nf6 2. c4 c5 3. d5 b5 4. cxb5 a6 5. bxa6 Bxa6 6. Nc3 g6 7. e4 Bxf1 8. Kxf1 d6 9. g3 Bg7 10. Kg2 O-O 11. Nf3 Nbd7 12. h3 Ra6 13. Re1 Qa8 14. Bf4 Nb6 15. Qc2 Na4 16. Nxa4 Rxa4 17. a3 Rb8 18. Rad1 Ra6 19. Bd2 Nd7 20. Bc3 Bxc3 21. Qxc3 Rab6 22. Rd2 Rb3 23. Qc2 Rxb2 24. Qxb2 Rxb2 25. Rxb2 Qxa3 26. Rb7 Qa4 27. e5 dxe5 28. Nxe5 Nxe5 29. Rxe5 Qd4 30. Rexe7 Qxd5+ 31. Kg1 c4 32. Rbc7 1/2-1/2

[Event "Pappier Memorial A"]
[Site "CAPA email"]
[Date "1998.??.??"]
[Round "?"]
[White "Al Thani, Mohammed Bin Khalid"]
[Black "Tsvetkov, Aleksei Aleksan'ch"]
[Result "1-0"]
[WhiteElo "2630"]
[BlackElo "2485"]
[PlyCount "39"]
[EventDate "1998.??.??"]
[Source "www.chesslib.no"]
[SourceDate "2004.05.04"]

1. d4 Nf6 2. c4 c5 3. d5 b5 4. cxb5 a6 5. bxa6 Bxa6 6. Nc3 g6 7. e4 Bxf1 8. Kxf1 d6 9. g3 Bg7 10. Kg2 O-O 11. Nf3 Nbd7 12. Re1 Ra7 13. a4 Ne8 14. Bf4 Qb6 15. Nb5 Rb7 16. Bg5 Nc7 17. Bxe7 Nxb5 18. Bxf8 Bxb2 19. Bh6 Nc3 20. Qd3 1-0

[Event "NED Team Ch 9596"]
[Site "NED"]
[Date "1995.??.??"]
[Round "?"]
[White "Piket, Jeroen"]
[Black "Riemersma, Liafbern"]
[Result "1-0"]
[WhiteElo "2670"]
[BlackElo "2430"]
[PlyCount "73"]
[EventDate "1995.??.??"]
[Source "www.chesslib.no"]
[SourceDate "2004.05.04"]

1. d4 Nf6 2. c4 c5 3. d5 b5 4. cxb5 a6 5. bxa6 g6 6. Nc3 Bxa6 7. e4 Bxf1 8. Kxf1 d6 9. g3 Bg7 10. Kg2 O-O 11. Nf3 Nbd7 12. Re1 Ng4 13. Qe2 Qb6 14. Nd2 Ngf6 15. b3 Qa6 16. Bb2 Ne5 17. Nb5 Ne8 18. a4 Nd3 19. Qxd3 Bxb2 20. Rad1 Qb7 21. Nc4 Bg7 22. f4 Nc7 23. Nxc7 Qxc7 24. e5 Rab8 25. Re3 Rb4 26. Qe4 Rfb8 27. Rdd3 Qb7 28. Qf3 dxe5 29. fxe5 Bh6 30. Re2 Rxb3 31. Rxb3 Qxb3 32. Qxb3 Rxb3 33. a5 Rb7 34. Rb2 Ra7 35. Rb5 Kf8 36. Rxc5 Ke8 37. Rc8+ 1-0

[Event "6. Najdorf it Buenos"]
[Site "VI Najdorf it Buenos"]
[Date "1995.??.??"]
[Round "10"]
[White "Sadler, Matthew"]
[Black "Hoffman, Alejandro S"]
[Result "1/2-1/2"]
[WhiteElo "2575"]
[BlackElo "2515"]
[PlyCount "84"]
[EventDate "1995.??.??"]
[Source "www.chesslib.no"]
[SourceDate "2004.05.04"]

1. d4 Nf6 2. c4 c5 3. d5 b5 4. cxb5 a6 5. bxa6 g6 6. Nc3 Bxa6 7. e4 Bxf1 8. Kxf1 d6 9. g3 Bg7 10. Kg2 O-O 11. Nf3 Nbd7 12. Re1 Qa5 13. Bd2 Rfb8 14. Qc2 Ng4 15. a4 Qb4 16. h3 Nge5 17. Nxe5 Nxe5 18. Nb5 Qc4 19. Bc3 Qd3 20. Qd1 c4 21. Nc7 Ra7 22. Nb5 Raa8 23. Nd4 Qxd1 24. Rexd1 Nd3 25. a5 Nc5 26. Nc6 Rb7 27. e5 Bxe5 28. Nxe5 dxe5 29. Bxe5 f6 30. Bc3 Ra6 31. Ra3 Ne4 32. Ra4 Nxc3 33. Raa1 Rb5 34. Rd3 Raxa5 35. Rxa5 g5 36. Ra4 Na2 37. f4 Nb4 38. d6 Re5 39. Kf3 Na2 40. Rxc4 Re1 41. Rcd4 Kh8 42. b3 Rd1 1/2-1/2

[Event "France 72/74"]
[Site "?"]
[Date "1998.??.??"]
[Round "?"]
[White "Komarov, Dimitri"]
[Black "Solozhenkin, Evgeniy"]
[Result "1-0"]
[WhiteElo "2580"]
[BlackElo "2500"]
[PlyCount "55"]
[EventDate "1998.??.??"]
[Source "ChessBase"]
[SourceDate "1998.02.01"]

1. d4 Nf6 2. c4 c5 3. d5 b5 4. cxb5 a6 5. bxa6 g6 6. Nc3 Bxa6 7. e4 Bxf1 8. Kxf1 d6 9. g3 Bg7 10. Kg2 O-O 11. Nge2 Nbd7 12. Qc2 Ra6 13. a4 Qa8 14. Nb5 Qb7 15. Nec3 c4 16. Ra3 Nc5 17. Be3 Nfd7 18. Bd4 Bh6 19. h4 Nb3 20. h5 Nxd4 21. Nxd4 Bg7 22. Nc6 Nb8 23. hxg6 hxg6 24. Nxb8 Rxb8 25. Nb5 Rc8 26. Rc3 Bxc3 27. Qxc3 e5 28. Nxd6 1-0

[Event "JUG-chT2"]
[Site "Tivat"]
[Date "1995.??.??"]
[Round "1"]
[White "Gligoric, Svetozar"]
[Black "Georgiev, Kiril D"]
[Result "1/2-1/2"]
[WhiteElo "2455"]
[BlackElo "2625"]
[PlyCount "227"]
[EventDate "1995.??.??"]
[Source "www.chesslib.no"]
[SourceDate "2004.05.04"]

1. d4 Nf6 2. c4 c5 3. d5 b5 4. cxb5 a6 5. bxa6 Bxa6 6. Nc3 g6 7. e4 Bxf1 8. Kxf1 d6 9. g3 Bg7 10. Kg2 O-O 11. Nf3 Nbd7 12. h3 Qa5 13. Re1 Rfb8 14. e5 dxe5 15. Nxe5 Nxe5 16. Rxe5 Rb7 17. Qf3 Ne8 18. Re4 Bd4 19. Be3 Nd6 20. Rf4 Bxc3 21. bxc3 Qxc3 22. Rc1 Qb2 23. Rxc5 Qxa2 24. Bd4 Rb3 25. Qg4 Qa6 26. Qd1 Qd3 27. Qxd3 Rxd3 28. Be5 Nf5 29. Rb4 f6 30. Rb8+ Rxb8 31. Bxb8 Kf7 32. g4 Nh4+ 33. Kh2 Nf3+ 34. Kg2 Ng5 35. h4 Ne4 36. Ra5 h6 37. Bf4 g5 38. hxg5 hxg5 39. Be3 Rd1 40. Ra4 Nc3 41. Rd4 Rxd4 42. Bxd4 Nxd5 43. Kf3 Ke6 44. Ke4 Nf4 45. Be3 Ng6 46. Bd4 Kf7 47. Bc3 Ke6 48. Bd4 Nh8 49. Bc5 Nf7 50. Bb4 Ne5 51. f3 Ng6 52. Bc3 Nf4 53. Bb4 Nd5 54. Bc5 Nc3+ 55. Kd3 Nb5 56. Bb4 Kd7 57. Ke4 Nd6+ 58. Kd5 e6+ 59. Kd4 Kc6 60. Ba5 Nb5+ 61. Ke4 Kc5 62. Bd8 Nc3+ 63. Kd3 Nd5 64. Ba5 Nf4+ 65. Ke4 Kc4 66. Bd2 Nd5 67. Ba5 Kb5 68. Be1 Kc5 69. Bd2 Kd6 70. Be1 Ke7 71. Bd2 Kf7 72. Kd4 Kg6 73. Ke4 Ne7 74. Bc3 Nc6 75. Ke3 f5 76. gxf5+ exf5 77. Kf2 Kh5 78. Kg3 Nd8 79. Be5 Ne6 80. Kh3 Nc5 81. Bc3 Nd3 82. Bd2 Ne5 83. Kg3 Ng6 84. Be1 Nh4 85. Bc3 Ng6 86. Bf6 Nf8 87. Be5 Ne6 88. Bc3 Kg6 89. Be5 Ng7 90. Bc3 Nh5+ 91. Kf2 Nf4 92. Bd2 Ne6 93. Bc3 Kf7 94. Kg3 Ke7 95. Bd2 Kf7 96. Bc3 Nc5 97. Kf2 Ke6 98. Ke3 Nd7 99. Bg7 Nf6 100. Bh6 Nh7 101. Bg7 Kd5 102. Kd3 Ke6 103. Ke3 Kf7 104. Be5 Nf6 105. Kf2 Kg6 106. Kg3 Nd5 107. Bb2 Kh5 108. Be5 Ne3 109. Bd4 f4+ 110. Kf2 Nf5 111. Bf6 Kh4 112. Bd8 Ne3 113. Be7 Kh5 114. Bd8 1/2-1/2

[Event "SUI Team Ch"]
[Site "Switzerland"]
[Date "1994.??.??"]
[Round "3"]
[White "Gavrikov, Viktor N"]
[Black "Gallagher, Joseph G"]
[Result "1-0"]
[WhiteElo "2590"]
[BlackElo "2485"]
[PlyCount "81"]
[EventDate "1994.??.??"]
[Source "www.chesslib.no"]
[SourceDate "2004.05.04"]

1. d4 Nf6 2. c4 c5 3. d5 b5 4. cxb5 a6 5. bxa6 g6 6. Nc3 Bxa6 7. e4 Bxf1 8. Kxf1 d6 9. g3 Bg7 10. Kg2 O-O 11. Nf3 Nbd7 12. Re1 Ng4 13. Nd2 Nge5 14. Qe2 Nb6 15. f4 Ned7 16. a4 Re8 17. a5 e6 18. dxe6 Rxe6 19. Qf3 Ra6 20. Ra3 Nc8 21. Nc4 Ne7 22. Bd2 Qa8 23. Nd5 Nxd5 24. exd5 Rxe1 25. Bxe1 Bd4 26. Bc3 Qe8 27. Bxd4 cxd4 28. Rd3 Nc5 29. Rxd4 Qb5 30. f5 Nb3 31. fxg6 hxg6 32. Rf4 f5 33. Kh3 Nxa5 34. Qe2 Qxd5 35. Ne3 Qb7 36. b4 Nc6 37. b5 g5 38. Qc4+ Kh8 39. bxc6 Qh7+ 40. Kg2 gxf4 41. Qxa6 1-0

[Event "6th Gibtelecom Masters"]
[Site "Gibraltar ENG"]
[Date "2008.01.26"]
[Round "5"]
[White "Gurevich, M."]
[Black "Muzychuk, A."]
[Result "1/2-1/2"]
[WhiteElo "2607"]
[BlackElo "2460"]
[PlyCount "188"]
[EventDate "2008.01.22"]
[Source "www.chesslib.no"]
[SourceDate "2004.05.04"]

1. d4 Nf6 2. c4 c5 3. d5 b5 4. cxb5 a6 5. bxa6 g6 6. Nc3 Bxa6 7. e4 Bxf1 8. Kxf1 d6 9. g3 Bg7 10. Kg2 Nbd7 11. h3 O-O 12. Nf3 Ra6 13. Re1 Qa8 14. Re2 Rb8 15. Qc2 Ne8 16. Be3 Nc7 17. Rd1 Nb5 18. Nxb5 Rxb5 19. b3 Rb4 20. Bf4 c4 21. e5 dxe5 22. Bxe5 Nxe5 23. Nxe5 Bxe5 24. Rxe5 Rxa2 25. Qe4 Qa7 26. Rf1 Rd2 27. bxc4 Qd4 28. Qxd4 Rxd4 29. c5 Rbc4 30. c6 Kg7 31. Rfe1 Rc5 32. R1e3 Rdxd5 33. Rxd5 Rxd5 34. Rxe7 Rc5 35. Rc7 Rc3 36. Kf1 Rc2 37. Ke1 h5 38. h4 Kf6 39. Kd1 Rc5 40. Kd2 Ke6 41. Kd3 Rc1 42. Kd4 Rc2 43. f3 Rc1 44. Rc8 Rc2 45. g4 Kd6 46. gxh5 gxh5 47. Rh8 Ke6 48. Re8+ Kd6 49. Rh8 Ke6 50. Rxh5 Rxc6 51. Ke3 Rc4 52. Kf2 Kf6 53. Kg3 Kg6 54. Rg5+ Kh6 55. Rg4 Rc5 56. Kf4 Ra5 57. Rg8 Rb5 58. Kg4 Ra5 59. Rd8 Kg6 60. Rg8+ Kh6 61. Rd8 Kg6 62. Rd6+ f6 63. Rd8 Ra4+ 64. Kg3 Rb4 65. Re8 Ra4 66. Re4 Ra1 67. Rg4+ Kh5 68. Kf4 Ra4+ 69. Kg3 Ra1 70. Rf4 Kg6 71. Rb4 Rg1+ 72. Kf2 Ra1 73. Kg2 Rc1 74. Rb5 Rc4 75. Kg3 Ra4 76. h5+ Kh6 77. f4 Ra1 78. Kg4 Rh1 79. Rb8 Kg7 80. Ra8 Rh2 81. Ra1 Rb2 82. Ra7+ Kh6 83. Rf7 Rb6 84. Kf5 Rb5+ 85. Kxf6 Kxh5 86. f5 Rb6+ 87. Kg7 Kg5 88. f6 Ra6 89. Rf8 Rb6 90. Rf7 Ra6 91. Rf8 Rb6 92. Ra8 Rxf6 93. Ra5+ Rf5 94. Rxf5+ Kxf5 1/2-1/2

[Event "Buenos Aires Najdorf"]
[Site "Buenos Aires"]
[Date "1995.??.??"]
[Round "10"]
[White "Sadler, Matthew"]
[Black "Hoffman, Alejandro"]
[Result "1/2-1/2"]
[WhiteElo "2565"]
[BlackElo "2495"]
[PlyCount "84"]
[EventDate "1995.07.??"]
[Source "ChessBase"]

1. d4 Nf6 2. c4 c5 3. d5 b5 4. cxb5 a6 5. bxa6 g6 6. Nc3 Bxa6 7. e4 Bxf1 8. Kxf1 d6 9. g3 Bg7 10. Kg2 O-O 11. Nf3 Nbd7 12. Re1 Qa5 13. Bd2 Rfb8 14. Qc2 Ng4 15. a4 Qb4 16. h3 Nge5 17. Nxe5 Nxe5 18. Nb5 Qc4 19. Bc3 Qd3 20. Qd1 c4 21. Nc7 Ra7 22. Nb5 Raa8 23. Nd4 Qxd1 24. Rexd1 Nd3 25. a5 Nc5 26. Nc6 Rb7 27. e5 Bxe5 28. Nxe5 dxe5 29. Bxe5 f6 30. Bc3 Ra6 31. Ra3 Ne4 32. Ra4 Nxc3 33. bxc3 Rb5 34. Rxc4 Raxa5 35. Rc8+ Kf7 36. c4 Rb2 37. Rd3 Raa2 38. Rf3 Rd2 39. h4 Rac2 40. Rc7 Rxd5 41. Rxe7+ Kxe7 42. cxd5 Rd2 1/2-1/2

[Event "1st Serbian League Men"]
[Site "Zlatibor SRB"]
[Date "2007.08.28"]
[Round "7"]
[White "Stojanovic, Mih"]
[Black "Pavlovic, Milo2"]
[Result "1/2-1/2"]
[WhiteElo "2601"]
[BlackElo "2438"]
[PlyCount "89"]
[EventDate "2007.08.21"]
[Source "www.chesslib.no"]
[SourceDate "2004.05.04"]

1. d4 Nf6 2. c4 c5 3. d5 b5 4. cxb5 a6 5. bxa6 g6 6. Nc3 Bxa6 7. e4 Bxf1 8. Kxf1 d6 9. g3 Bg7 10. Kg2 O-O 11. Nge2 Nbd7 12. Qc2 Qa5 13. Rb1 Ne8 14. h4 Ndf6 15. h5 Nxh5 16. g4 Nhf6 17. g5 Nh5 18. Nf4 Nxf4+ 19. Bxf4 f6 20. Rh3 fxg5 21. Bxg5 Nf6 22. a3 Nh5 23. Ne2 Rf7 24. b4 cxb4 25. axb4 Qb5 26. Be3 Qd7 27. f3 Ra3 28. Rb3 Rxb3 29. Qxb3 Qb5 30. Kf2 Rf8 31. Rh4 Bf6 32. Rh1 Bg7 33. Re1 Nf6 34. Kg2 Nd7 35. Nd4 Bxd4 36. Bxd4 Nc5 37. Bxc5 dxc5 38. Rc1 Qxb4 39. Qe3 c4 40. Qd4 Rc8 41. Rc3 Qc5 42. Qe5 Qd6 43. Qd4 Qc5 44. Qe5 Qd6 45. Qd4 1/2-1/2

[Event "Katrineholm"]
[Site "Katrineholm"]
[Date "1995.??.??"]
[Round "?"]
[White "Akesson, Ralf"]
[Black "Cramling, Pia"]
[Result "1/2-1/2"]
[WhiteElo "2500"]
[BlackElo "2520"]
[PlyCount "73"]
[EventDate "1995.04.??"]
[Source "ChessBase"]

1. d4 Nf6 2. c4 c5 3. d5 b5 4. cxb5 a6 5. bxa6 g6 6. Nc3 Bxa6 7. e4 Bxf1 8. Kxf1 d6 9. g3 Bg7 10. Kg2 O-O 11. Nf3 Nbd7 12. Re1 Qb6 13. Re2 Ng4 14. Bf4 Nge5 15. Nxe5 Nxe5 16. Rc1 c4 17. Bxe5 Bxe5 18. Na4 Qb4 19. b3 cxb3 20. axb3 Rab8 21. Re3 Rfc8 22. Rxc8+ Rxc8 23. Qd3 Bd4 24. Re2 Bf6 25. f4 Bd4 26. Rc2 Rxc2+ 27. Qxc2 Qe1 28. Qd3 Qf2+ 29. Kh3 h5 30. b4 Kh7 31. Nc3 Bxc3 32. Qxc3 Qf1+ 33. Kh4 Qe2 34. Kh3 Qf1+ 35. Kh4 Qg2 36. h3 Qxe4 37. Qd2 1/2-1/2

[Event "Mind Sports Games - Rapid Pair"]
[Site "Pechino CINA"]
[Date "2008.10.10"]
[Round "6"]
[White "Gyimesi, Z."]
[Black "Pruess, D."]
[Result "1/2-1/2"]
[WhiteElo "2592"]
[BlackElo "2422"]
[PlyCount "80"]
[EventDate "2008.10.09"]
[Source "www.chesslib.no"]
[SourceDate "2004.05.04"]

1. d4 Nf6 2. c4 c5 3. d5 b5 4. cxb5 a6 5. bxa6 g6 6. Nc3 Bxa6 7. e4 Bxf1 8. Kxf1 d6 9. g3 Bg7 10. Kg2 O-O 11. Nf3 Nbd7 12. Re1 Ng4 13. Qe2 Qb6 14. Nd2 Ngf6 15. Nc4 Qb7 16. a4 Rfb8 17. Nb5 Ne8 18. Bd2 Nc7 19. Na5 Qb6 20. Nc6 Re8 21. Bc3 Nb8 22. Bxg7 Kxg7 23. b4 Nxc6 24. bxc5 dxc5 25. dxc6 Qxc6 26. Rec1 Ne6 27. Rc4 Red8 28. Rac1 Rd7 29. Nc3 Rd4 30. Nb5 Rxc4 31. Qxc4 Kg8 32. Nc3 Nd4 33. f3 Rb8 34. Rb1 Rxb1 35. Nxb1 Qb6 36. Qa2 Qa6 37. Qb2 Qxa4 38. Qb8+ Kg7 39. Qe5+ Kg8 40. Qb8+ Kg7 1/2-1/2

[Event "Soviet Union"]
[Site "Soviet Union"]
[Date "1971.??.??"]
[Round "?"]
[White "Kuzmin, Gennadi P"]
[Black "Alburt, Lev O"]
[Result "1-0"]
[WhiteElo "2560"]
[BlackElo "2450"]
[PlyCount "77"]
[EventDate "1971.??.??"]
[Source "www.chesslib.no"]
[SourceDate "2004.05.04"]

1. d4 Nf6 2. c4 c5 3. d5 b5 4. cxb5 a6 5. bxa6 Bxa6 6. Nc3 g6 7. e4 Bxf1 8. Kxf1 d6 9. g3 Bg7 10. Kg2 O-O 11. Nf3 Nbd7 12. Re1 Qb8 13. Re2 Ra7 14. Bg5 h6 15. Bd2 Kh7 16. Qc2 Qb7 17. Rd1 Rb8 18. Bc1 Ne8 19. Nh4 Nc7 20. f4 Nb5 21. Nxb5 Qxb5 22. e5 Rxa2 23. e6 Nf8 24. exf7 c4 25. f5 c3 26. fxg6+ Kh8 27. Rf2 cxb2 28. Bxh6 Bxh6 29. Qc3+ e5 30. dxe6+ Bg7 31. Qf3 b1=Q 32. Rxb1 Rxf2+ 33. Kxf2 Qc5+ 34. Kg2 Rxb1 35. Nf5 Nh7 36. e7 Rb2+ 37. Kh3 Ng5+ 38. Kg4 Ne6 39. Qa8+ 1-0

[Event "Ciocaltea mem"]
[Site "Bucharest"]
[Date "1998.??.??"]
[Round "12"]
[White "Nisipeanu, Liviu Dieter"]
[Black "Milu, Romeo Sorin"]
[Result "1/2-1/2"]
[WhiteElo "2610"]
[BlackElo "2395"]
[PlyCount "54"]
[EventDate "1998.02.??"]
[Source "ChessBase"]
[SourceDate "1998.06.15"]

1. d4 Nf6 2. c4 c5 3. d5 b5 4. cxb5 a6 5. bxa6 g6 6. Nc3 Bxa6 7. e4 Bxf1 8. Kxf1 d6 9. g3 Bg7 10. Kg2 O-O 11. Nge2 Qb6 12. Rb1 Na6 13. b3 Rfb8 14. f3 Nc7 15. a4 Qb7 16. Ba3 Nd7 17. b4 cxb4 18. Rxb4 Qa7 19. Rxb8+ Rxb8 20. Qc2 Ne5 21. Rb1 Ra8 22. Bc1 Qc5 23. Bf4 h5 24. Bxe5 Bxe5 25. Qd3 Na6 26. f4 Bg7 27. Kf3 Qc8 1/2-1/2

[Event "Cappelle op"]
[Site "Cappelle la Grande"]
[Date "1998.02.27"]
[Round "8"]
[White "Grabliauskas, Virginijus"]
[Black "Fominyh, Alexander"]
[Result "0-1"]
[WhiteElo "2465"]
[BlackElo "2530"]
[PlyCount "84"]
[EventDate "1998.02.21"]
[Source "ChessBase"]
[SourceDate "1998.04.29"]

1. d4 Nf6 2. c4 c5 3. d5 b5 4. cxb5 a6 5. bxa6 g6 6. Nc3 Bxa6 7. e4 Bxf1 8. Kxf1 d6 9. g3 Bg7 10. Kg2 O-O 11. Nf3 Nbd7 12. h3 Nb6 13. Re1 Qd7 14. Qc2 Qb7 15. Bf4 Nc4 16. b3 Na3 17. Qd2 Ra6 18. Rac1 Rfa8 19. Re2 Rd8 20. Bh6 Bh8 21. Qg5 Nd7 22. Qh4 Ne5 23. Nxe5 Bxe5 24. Bf4 Bd4 25. Rd2 Re8 26. Ne2 Bh8 27. Ng1 Nb5 28. Nf3 Bg7 29. Bh6 Bf6 30. Bg5 Bg7 31. e5 dxe5 32. Rxc5 Nd6 33. Rdc2 h6 34. Be3 Bf6 35. Rc7 Qxc7 36. Rxc7 Bxh4 37. Nxh4 Rxa2 38. Bxh6 Rb2 39. Nf3 Rc8 40. Rxc8+ Nxc8 41. Nd2 Nd6 42. g4 Nb5 0-1

[Event "Buenos Aires Najdorf"]
[Site "Buenos Aires"]
[Date "1995.??.??"]
[Round "6"]
[White "Ricardi, Pablo"]
[Black "Giardelli, Sergio C"]
[Result "1-0"]
[WhiteElo "2545"]
[BlackElo "2445"]
[PlyCount "83"]
[EventDate "1995.07.??"]
[Source "ChessBase"]

1. d4 Nf6 2. c4 c5 3. d5 b5 4. cxb5 a6 5. bxa6 g6 6. Nc3 Bxa6 7. e4 Bxf1 8. Kxf1 d6 9. g3 Bg7 10. Kg2 O-O 11. Nf3 Nbd7 12. Re1 Ra6 13. h3 Qa8 14. Bg5 e6 15. Qd2 exd5 16. exd5 Rb8 17. Rad1 Qb7 18. b3 Qb4 19. Qd3 Rba8 20. Nb5 Rxa2 21. Bd2 Rxd2 22. Rxd2 Bf8 23. Qc4 Qa5 24. Nc3 Rb8 25. Ra2 Qc7 26. Nd2 Nb6 27. Qd3 Qb7 28. Qf3 Nfxd5 29. Nxd5 Qxd5 30. Qxd5 Nxd5 31. Ra7 Nf6 32. Ne4 Nxe4 33. Rxe4 d5 34. Rf4 f5 35. Rd7 Rxb3 36. g4 d4 37. gxf5 gxf5 38. Rd8 Rb7 39. Rxf5 Rg7+ 40. Kf1 Rf7 41. Rxc5 Kg7 42. Rc4 1-0

[Event "Ibercaja Open"]
[Site "Zaragoza"]
[Date "1994.??.??"]
[Round "6"]
[White "Marin, Mihail"]
[Black "Nedobora, Mikhail"]
[Result "1/2-1/2"]
[WhiteElo "2530"]
[BlackElo "2460"]
[PlyCount "54"]
[EventDate "1994.04.??"]
[Source "www.chesslib.no"]
[SourceDate "2004.05.04"]

1. d4 Nf6 2. c4 c5 3. d5 b5 4. cxb5 a6 5. bxa6 g6 6. Nc3 Bxa6 7. e4 Bxf1 8. Kxf1 d6 9. g3 Bg7 10. Kg2 O-O 11. Nf3 Nbd7 12. h3 Ra6 13. Re1 Qa8 14. Qc2 Qb7 15. Re2 Qb4 16. Bd2 Rfa8 17. Rd1 Ne8 18. Bf4 Bxc3 19. bxc3 Qc4 20. Qd3 Qxd3 21. Rxd3 f6 22. Rdd2 g5 23. Be3 Nb6 24. Rc2 Nc4 25. Bc1 Nc7 26. Nd2 Ne5 27. Nb3 Ra4 1/2-1/2